Préfectures de la Normandie et de la Bretagne - Statistiques

Statistiques générales
  • Ce quiz a été pris 226 fois
  • Le résultat moyen est 7 sur 9
Statistiques - réponses
Département Préfecture % Correct
Ille-et-Vilaine Rennes
95%
Calvados Caen
90%
Finistère Quimper
89%
Seine-Maritime Rouen
84%
Morbihan Vannes
79%
Côtes d'Armor Saint-Brieuc
75%
Manche Saint-Lô
67%
Eure Evreux
62%
Orne Alençon
54%
Aucun quiz correspondant
Distribution des résultats
% des personnes avec chaque résultat
Percentile par nombre de réponses
Votre historique - résultats
Vous n’avez pas pris ce quiz